<?xml version="1.0" encoding="UTF-8"?>
<record
    xmlns:xsi="http://www.w3.org/2001/XMLSchema-instance"
    xsi:schemaLocation="http://www.loc.gov/MARC21/slim http://www.loc.gov/standards/marcxml/schema/MARC21slim.xsd"
    xmlns="http://www.loc.gov/MARC21/slim">

  <leader>01116nam a22001817a 4500</leader>
  <controlfield tag="005">20260307125237.0</controlfield>
  <datafield tag="010" ind1=" " ind2=" ">
    <subfield code="a">BACHN26</subfield>
  </datafield>
  <datafield tag="020" ind1=" " ind2=" ">
    <subfield code="c">175.00</subfield>
    <subfield code="a">9788197083945</subfield>
  </datafield>
  <datafield tag="037" ind1=" " ind2=" ">
    <subfield code="b">&#x913;&#x91F;&#x94B;&#x930;&#x948;&#x915;&#x94D;&#x938;</subfield>
  </datafield>
  <datafield tag="082" ind1=" " ind2=" ">
    <subfield code="a">000</subfield>
  </datafield>
  <datafield tag="245" ind1=" " ind2=" ">
    <subfield code="a">&#x930;&#x947;&#x932;&#x935;&#x947; &#x92D;&#x930;&#x94D;&#x924;&#x940; &#x92C;&#x94B;&#x930;&#x94D;&#x921; &#x938;&#x93E;&#x92E;&#x93E;&#x928;&#x94D;&#x92F; &#x92C;&#x942;&#x927;&#x94D;&#x926;&#x93F;&#x92E;&#x924;&#x94D;&#x924;&#x93E; &#x90F;&#x935;&#x902; &#x924;&#x930;&#x94D;&#x915;&#x936;&#x915;&#x94D;&#x924;&#x93F;(&#x905;&#x926;&#x94D;&#x92F;&#x93E;&#x92F;&#x935;&#x93E;&#x930;)/ </subfield>
    <subfield code="c">&#x938;&#x941;&#x936;&#x93E;&#x928;&#x94D;&#x924; &#x936;&#x930;&#x94D;&#x92E;&#x93E; &#x926;&#x94D;&#x935;&#x93E;&#x930;&#x93E; &#x938;&#x902;&#x915;&#x932;&#x93F;&#x924; &#x90F;&#x935;&#x902; &#x938;&#x902;&#x92A;&#x93E;&#x926;&#x93F;&#x924;</subfield>
  </datafield>
  <datafield tag="260" ind1=" " ind2=" ">
    <subfield code="a">&#x926;&#x93F;&#x932;&#x94D;&#x932;&#x940; </subfield>
    <subfield code="b">&#x913;&#x91F;&#x94B;&#x930;&#x948;&#x915;&#x94D;&#x938;</subfield>
    <subfield code="c">2024</subfield>
  </datafield>
  <datafield tag="270" ind1=" " ind2=" ">
    <subfield code="a">7/26, &#x917;&#x94D;&#x930;&#x93E;&#x909;&#x902;&#x921; &#x92B;&#x94D;&#x932;&#x94B;&#x930;, &#x905;&#x902;&#x938;&#x93E;&#x930;&#x940; &#x930;&#x94B;&#x921;&#x93C;,&#x926;&#x930;&#x93F;&#x92F;&#x93E;&#x917;&#x902;&#x91C; </subfield>
    <subfield code="b">&#x926;&#x93F;&#x932;&#x94D;&#x932;&#x940; </subfield>
    <subfield code="e">110002</subfield>
  </datafield>
  <datafield tag="300" ind1=" " ind2=" ">
    <subfield code="a">viii,&#x935;&#x93F;.&#x92A;&#x943;.</subfield>
    <subfield code="c">26 &#x938;&#x947;&#x92E;&#x940;(&#x905;&#x91C;&#x93F;&#x932;&#x94D;&#x926;)</subfield>
  </datafield>
  <datafield tag="500" ind1=" " ind2=" ">
    <subfield code="a">&#x905;&#x928;&#x94D;&#x92F; &#x930;&#x947;&#x932;&#x935;&#x947; &#x92D;&#x930;&#x94D;&#x924;&#x940; &#x92A;&#x930;&#x940;&#x915;&#x94D;&#x937;&#x93E;&#x913;&#x902; &#x915;&#x947; &#x932;&#x93F;&#x90F; &#x909;&#x92A;&#x92F;&#x94B;&#x917;&#x940;, 1100+MCQs, &#x92A;&#x942;&#x930;&#x94D;&#x923; &#x935;&#x94D;&#x92F;&#x93E;&#x916;&#x94D;&#x92F;&#x93E; &#x938;&#x939;&#x93F;&#x924;</subfield>
  </datafield>
  <datafield tag="700" ind1=" " ind2=" ">
    <subfield code="a">&#x936;&#x930;&#x94D;&#x92E;&#x93E; ,&#x938;&#x941;&#x936;&#x93E;&#x928;&#x94D;&#x924;</subfield>
    <subfield code="9">88120</subfield>
  </datafield>
  <datafield tag="942" ind1=" " ind2=" ">
    <subfield code="2">ddc</subfield>
    <subfield code="c">HN</subfield>
    <subfield code="m">&#x930;&#x947;&#x932;&#x935;&#x947;</subfield>
    <subfield code="h">000</subfield>
  </datafield>
  <datafield tag="999" ind1=" " ind2=" ">
    <subfield code="c">215374</subfield>
    <subfield code="d">215374</subfield>
  </datafield>
</record>
